Joueurs de football vainqueurs de la Champions League (QCM) - Statistiques

Statistiques générales
  • Ce quiz a été pris 10 556 fois
    10 141 depuis la dernière actualisation
  • Le résultat moyen est 12 sur 15
Statistiques - réponses
Question Réponse % Correct
Cristiano Ronaldo Oui
99%
Lionel Messi Oui
99%
Zinédine Zidane Oui
98%
Pelé Non
92%
Robert Lewandowski Oui
92%
Garrincha Non
84%
Zlatan Ibrahimović Non
83%
Didier Deschamps Oui
83%
Johan Cruijff Oui
82%
Diego Maradona Non
80%
Francesco Totti Non
79%
Ferenc Puskas Oui
70%
Gianluigi Buffon Non
65%
Michel Platini Oui
60%
Michael Owen Non
34%
Aucun quiz correspondant
Distribution des résultats
% des personnes avec chaque résultat
Percentile par nombre de réponses
Votre historique - résultats
Vous n’avez pas pris ce quiz depuis la dernière actualisation